00251nam a2200097Ia 4500008004100000100002300041245003900064260002800103942000700131999001500138190216s9999||||xx |||||||||||||| ||und|| aJanther & Bari 0aElementary Principles Of Economics bOxford University Press cBK c9082d9082